Sports Quiz

Random Sports or NFL Quiz

NFL QBs with Multiple 30 TD Pass Seasons Quiz Stats

 Plays Quiz Updated Mar 3, 2016

Challenge
Share
Tweet
Embed
Score 0/23 Timer 05:00
0 Plays Today
# Quarterback % Correct
9Peyton Manning
98.3%
3Eli Manning
97.5%
6Tom Brady
96.9%
9Brett Favre
88.1%
8Drew Brees
86.5%
4Dan Marino
84.3%
5Aaron Rodgers
84.2%
2Steve Young
75.6%
4Philip Rivers
68.5%
2Ben Roethlisberger
67.2%
4Tony Romo
59.8%
3Kurt Warner
59.1%
# Quarterback % Correct
2Warren Moon
55.3%
2Matthew Stafford
50.9%
2Carson Palmer
48.9%
2Daunte Culpepper
44%
2Dan Fouts
41.9%
2Randall Cunningham
31.7%
2Jeff Garcia
19.6%
2Y.A. Tittle
15.3%
2 (AFL)Daryle Lamonica
9.9%
2Sonny Jurgensen
6.5%
2Steve Bartkowski
3.2%

You're not logged in!

Compare scores with friends on all Sporcle quizzes.
Join for Free
OR
Log In

You Might Also Like...

Show Comments

Extras

Top Quizzes Today


Score Distribution

Your Account Isn't Verified!

In order to create a playlist on Sporcle, you need to verify the email address you used during registration. Go to your Sporcle Settings to finish the process.

Report this User

Report this user for behavior that violates our Community Guidelines.

Details: